Parti del corpo umano (con foto) - Statistics

Statistiche generali
  • Questo quiz è stato fatto 100 volte
  • Il punteggio medio è 59 su 136
Statistiche sulle risposte
con Immagini Risposta % Corretto
Bocca
98%
Capelli
98%
Cervello
98%
Dente
98%
Labbra
98%
Lingua
98%
Naso
98%
Occhio
98%
Orecchio
98%
Fronte
97%
Mento
97%
Gomito
96%
Braccio
95%
Dito
95%
Guancia
95%
Polso
95%
Spalla
95%
Collo
93%
Schiena
91%
Ascella
90%
Ginocchio
90%
Petto
90%
Unghia
89%
Polpaccio
87%
Viso
86%
Coscia
83%
Cuore
80%
Polmone
77%
Palmo
70%
Fegato
68%
Rene
65%
Ombelico
61%
Stomaco
61%
Torace
61%
Intestino
60%
Intestino tenue
60%
Intestino crasso
57%
Pelle
54%
Ciglia
52%
Testa
51%
Globuli rossi
48%
Sangue
48%
DNA
47%
Globuli bianchi
47%
Baffi
46%
Carie
46%
Fianchi
46%
Sopracciglia
46%
Tibia
46%
Anulare
45%
Mandibola
45%
Muco
45%
Pollice
45%
Mignolo
43%
Appendice
42%
Indice
42%
Inguine
42%
Addominali
41%
Gengiva
40%
pomo d'Adamo
40%
Brufolo
39%
Vescica
39%
Saliva
38%
Sudore
38%
Tricipite
38%
Bicipite
37%
Cellula
37%
Caviglia
36%
Cranio
36%
Palato
36%
Pelle d'oca
36%
Pupilla
36%
Clavicola
35%
Gola
35%
Pori
35%
radio
35%
Spina dorsale
35%
Cervelletto
34%
Cistifellea
34%
Dito medio
34%
Ematoma
34%
Testicolo
34%
Utero
34%
Esofago
33%
Ulna
33%
Dorso della mano
32%
Neurone
32%
Sedere
32%
Addome
30%
Trachea
29%
Bacino
28%
Zigomo
28%
Mascella
27%
Milza
27%
Trapezio
27%
Pancreas
26%
Timpano
26%
Coccige
25%
Nervi
25%
Ovaia
24%
Anca
21%
Deltoide
21%
Diaframma
21%
Costola
20%
Midollo spinale
20%
Unghia del piede
20%
Uretra
20%
Catarro
17%
Dito del piede
17%
Pus
17%
Tendine d'Achille
17%
Articolazione
15%
Cartilagine
15%
Muscolo
15%
Tendine
14%
Palpebra
13%
Verruca
13%
Cristallino
12%
Cuoio capelluto
12%
Cornea
11%
Natica
11%
Nuca
10%
Retina
10%
Tonsilla
8%
Legamento
7%
Legamento crociato
5%
Vertebra cervicale
5%
Intestino cieco
4%
Ghiandola sudoripara
3%
Tessuto muscolare
3%
Osso nasale
2%
Mucosa
1%
Squama
1%
Vena giugulare
1%
vescicola
1%
Radice del capello
0%
Nessun quiz corrispondente trovato
Distribuzione punteggi
Percentuale di utenti per punteggio
Percentile per numero di risposta
I tuoi punteggi nel tempo
Non hai fatto questo quiz